Quizzes
Events
Quiz Creation
Community
Videos
Private Events
Remove Ads
Sign In
Join for FREE
Feedback
Dark Mode
Quiz Categories
Sports
Geography
Music
Movies
Television
Just For Fun
Miscellaneous
History
Literature
Language
Science
Gaming
Entertainment
Religion
Holiday
For Kids
Quiz Lab
Recent
Popular Today
Quiz Kudos Today
Editor Picks
Curator Picks
Quizzes by...
Day
Popularity
Type
Ratings
Length
Year
Community
Subscriptions
Recent Discussions
Orange Saloon
Badges
Playlists
Quests
Create
Leaderboards
Showdown
Live 5
Trivia Bingo
Activity
Puzzle Library
Sporcle Events
Private Events
Virtual Trivia
Globe League
Become a Host
Pub Owners
SporcleCon
Opinionation
Our Games
Videos
Blog
Mobile Apps
Partnerships
Remove Ads and Go Orange
Feedback
Religion
Mythology
Religious Music
World Religions
Bible
Christianity
Catholicism
Judaism
Church
Scripture
Islam
Verse
Religion
Mythology
Religious Music
World Religions
Bible
Christianity
Catholicism
Judaism
Church
Scripture
Islam
Verse
Random Quiz
Search Sporcle
×
Quiz Lab
Quiz Lab
Religion
Christianity
Select answers by clicking on text or image buttons
Select answers by clicking on text or image buttons
Clickable
Best Score? Go Orange.
Who Started each of these major Christian Churches? Stats
Can you pick Who Started each of these Christian Churches?
By
username316
7m
19 Questions
84 Plays
84 Plays
84 Plays
Comments
Comments
Give Quiz Kudos
Give Quiz Kudos
-
- Ratings
hide this ad
Forced Order
Answers have to be entered in order
Answers have to be entered in order
Replay
Link that replays current quiz
Next Quiz
Link to next quiz in quiz playlist
You Got
0%
They Got
Avg Score
46%
Avg Friend Score
Upgrade to see
Score Distribution
Jump to the score distribution portion of the page
Score
0/19
Timer
07:00
0
Plays Today
% Correct
Lutheran
92.9%
Catholic
83.3%
Church of England
79.8%
Mormon (Church of Jesus Christ of Latter Day Saints)
73.8%
Methodist
65.5%
Presbyterian
60.7%
Jehovah's Witnesses (Millennial Dawnists)
59.5%
Christian Scientists
54.8%
Amish
42.9%
Quakers (Children of Light)
41.7%
% Correct
Salvation Army
36.9%
Baptist
32.1%
Anabaptist
31%
Assemblies of God
29.8%
Episcopalian
28.6%
Seventh Day Adventists
26.2%
Dutch Reformed
19%
Mennonite
17.9%
Congregationalist
11.9%
Quiz Playlist
Details
Report
Send in Message
Add To Playlist
Clickable:
Select answers by clicking on text or image buttons
Forced Order:
Answers have to be entered in order
Last Updated: Feb 16, 2017
Quiz Scoreboard
CHALLENGE
Sign Up to Join the Scoreboard
Show All
Scores
Hide
Comments
May contain spoilers
Recently Published
College Basketball Coaching Resumes
by pancakes188
Sports
9m
Billboard Blitz: Fleetwood Mac
by CooCooCachoo
Music
15s
Presidents Visiting Landmarks
by Hejman
History
7m
More to Explore
Quiz From the Vault
Featured Blog Post
Where Did the Easter Bunny Come From?
hide this ad
You Might Also Like...
Tags
Christianity Quiz
Church Quiz
catholic
Christian
denomination
denominational
LDS Church
Today's Top Quizzes in Religion
Browse Religion
hide this ad
Today's Top Quizzes in Christianity
Browse Christianity
Top Contributed Quizzes in Religion
1
5-to-1: Children of Gods
2
5-to-1: European Churches
3
One Thing in Common: Mythology
4
One Thing in Common: Mythology II
5
10 to 1: Islam
6
Prime Time: Religion
7
One Thing in Common: Religion
8
Order Up: Seven Last Words of Christ
9
Mythological Creature Bunker
10
One Thing in Common: Religion and Mythology
Explore More
Trending Topics
Disney
Marvel
Harry Potter
Anime
Crossword
NBA
Kpop
WWE
Country
Pokémon
NFL
Puzzle
Soccer
The Office
Song
hide this ad
More By:
username316
Quiz
Plays
Rating
Category
Featured
Created
Thomas the Train logic game
3,604
3.25
Just For Fun
Jun 16, 2016
2017 NFL Draft First Round Matchup
2,951
4.50
Sports
May 24, 2017
Cincinnati Bengals QB Logic Quiz
2,371
3.25
Sports
Jun 20, 2016
Cincinnati Bengals Second Round Running Backs
2,072
5.00
Sports
May 15, 2017
Match Up: # of Cincinnati Bengals Draft Picks & College
2,021
2.00
Sports
Apr 20, 2016
Go to Creator's Profile
Score Distribution
Quiz Creator Spotlight
username316
Follow
Send a Message
Quizzes Created
-
Created Quiz Play Count
-
More By This Creator
Popular Quizzes Today
1
Find the US States - No Outlines Minefield
2
Find the Countries of Europe - No Outlines Minefield
3
The Countries of the World
4
Find the US States
5
Risky Map Clicking: Biggest States A-Z
6
US States
7
Popular People in 1961
8
Movies - When Are They Set?
More Religion Quizzes
Religion By Number Of Annual Holidays
Curator's Pick
Trending Quizzes
Risky Map Clicking: Least Populous States A-Z
1-10 Letter G Words
1-10 Letter F Words
Risky Map Clicking: Next State Alphabetically
Risky Map Clicking: Biggest States A-Z
Recently Updated
Leaping Animals
pecheneg
Reality TV Shows (A-Z)
bhenderson79
Rickey Henderson's Hall of Fame Teammates
pecheneg
Champions League XIs: Arsenal
pecheneg
Quick Pick: Celebrities in WWE's Hall of Fame
aduchscher
A-Z Keypad Blitz II
pecheneg
Multiple Oscar Actors
pecheneg
Mystery Phrase Blitz: Oscar 'Best Actors'
pecheneg
F. Scott Fitzgerald Novels
LTH
Pick 3 Villains
ddd62291
Trending Topics
NBA
Disney
Crossword
Harry Potter
Anime
Kpop
Marvel
Song
Pokémon
Puzzle
NFL
Soccer
Country
WWE
The Office
Your Account Isn't Verified!
In order to create a playlist on Sporcle, you need to verify the email address you used during registration. Go to your
Sporcle Settings
to finish the process.
Report this User
Report this user for behavior that violates our
Community Guidelines
.
Details:
Send Report
Go to the Sporcle.com Mobile Site →
Comments